| 000 | 00429ntaaa2200169 4500 | ||
|---|---|---|---|
| 003 | 01 | ||
| 005 | 20251027201951.0 | ||
| 008 | 0714s1973 ag 01 | ||
| 040 |
_aAR-BaBN _bspa _cAR-BaBN _eaacr _dRIC |
||
| 082 | _a254.0000 Ag1 | ||
| 100 |
_aAgar, F. A. _918210 |
||
| 245 | _aManual of church methods | ||
| 250 |
_a1 ed. : _bJudson Press, _cc1922 |
||
| 300 | _a173 p. | ||
| 650 |
_aAdministración EclesiÔstica _91364 |
||
| 942 | _cBK | ||
| 999 |
_c14412 _d14412 |
||